[Event "31st Klatovy A 2025"]
[Site "Klatovy CZE"]
[Date "2025.07.01"]
[Round "4.3"]
[White "Vitak, Jiri"]
[Black "Krivanek, Vladimir"]
[Result "1-0"]
[WhiteElo "2308"]
[BlackElo "2172"]
[PlyCount "121"]
[EventDate "2025.06.28"]
[EventType "swiss"]
[EventRounds "9"]
[EventCountry "CZE"]

1. d4 {[%emt 0:07:14]} d6 {[%emt 0:01:59]} 2. Nf3 {[%emt 0:00:33]} Nf6 {[%emt 0:01:08]} 3. c4 {[%emt 0:00:06]} Nbd7 {[%emt 0:01:23]} 4. Nc3 {[%emt 0:00:06]} g6 {[%emt 0:01:13]} 5. e4 {[%emt 0:03:07]} Bg7 {[%emt 0:00:16]} 6. Be2 {[%emt 0:00:19]} O-O {[%emt 0:00:35]} 7. O-O {[%emt 0:00:35]} c6 {[%emt 0:01:43]} 8. Re1 {[%emt 0:17:11]} e5 {[%emt 0:03:33]} 9. Bf1 {[%emt 0:00:05]} Qb6 {[%emt 0:06:00]} 10. d5 {[%emt 0:21:49]} Ng4 {[%emt 0:08:52]} 11. Qc2 {[%emt 0:00:18]} f5 {[%emt 0:01:07]} 12. h3 {[%emt 0:05:49]} fxe4 {[%emt 0:08:30]} 13. Nxe4 {[%emt 0:00:52]} cxd5 {[%emt 0:00:42]} 14. cxd5 {[%emt 0:00:54]} Ngf6 {[%emt 0:04:10]} 15. Be3 {[%emt 0:01:16]} Qb4 {[%emt 0:02:01]} 16. Nfd2 {[%emt 0:09:56]} Kh8 {[%emt 0:38:02]} 17. Nc4 {[%emt 0:23:23]} Nxd5 {[%emt 0:05:05]} 18. Bd2 {[%emt 0:01:30]} Qb5 {[%emt 0:00:33]} 19. Nxe5 {[%emt 0:06:56]} Nb4 {[%emt 0:02:33]} 20. Bxb5 {[%emt 0:09:03]} Nxc2 {[%emt 0:00:10]} 21. Nxd7 {[%emt 0:00:06]} Rd8 {[%emt 0:20:12]} 22. Nxd6 {[%emt 0:03:58]} Bxd7 {[%emt 0:01:45]} 23. Nf7+ {[%emt 0:01:51]} Kg8 {[%emt 0:00:07]} 24. Nxd8 {[%emt 0:00:17]} Bxb5 {[%emt 0:05:29]} 25. Nxb7 {[%emt 0:00:27]} Nxa1 {[%emt 0:01:19]} 26. Rxa1 {[%emt 0:00:06]} Bxb2 {[%emt 0:01:01]} 27. Rb1 {[%emt 0:01:09]} Rb8 {[%emt 0:00:14]} 28. Nc5 {[%emt 0:02:22]} Be5 {[%emt 0:10:47]} 29. Be3 {[%emt 0:02:30]} a6 {[%emt 0:00:16]} 30. a4 {[%emt 0:02:37]} Be2 {[%emt 0:00:57]} 31. Re1 {[%emt 0:01:24]} Rb2 {[%emt 0:00:34]} 32. Nd7 {[%emt 0:02:53]} Bg7 {[%emt 0:00:36]} 33. Bf4 {[%emt 0:02:37]} Ra2 {[%emt 0:03:16]} 34. Be5 {[%emt 0:01:06]} Rd2 {[%emt 0:00:08]} 35. Bxg7 {[%emt 0:00:23]} Kxg7 {[%emt 0:00:42]} 36. Nc5 {[%emt 0:00:12]} Kf7 {[%emt 0:00:29]} 37. Ne4 {[%emt 0:00:24]} Rc2 {[%emt 0:00:36]} 38. Ng5+ {[%emt 0:00:27]} Kg8 {[%emt 0:00:12]} 39. Rb1 {[%emt 0:02:01]} h6 {[%emt 0:00:55]} 40. Ne6 {[%emt 0:00:25]} Bd3 {[%emt 0:00:39]} 41. Nf4 {[%emt 0:00:45]} Bf5 {[%emt 0:00:20]} 42. Rb6 {[%emt 0:01:14]} Rc1+ {[%emt 0:00:38]} 43. Kh2 {[%emt 0:00:04]} Rc4 {[%emt 0:00:35]} 44. Nxg6 {[%emt 0:00:21]} Kg7 {[%emt 0:00:30]} 45. Ne7 {[%emt 0:00:08]} Be4 {[%emt 0:00:27]} 46. f3 {[%emt 0:00:51]} Bd3 {[%emt 0:00:15]} 47. Rxa6 {[%emt 0:01:03]} Rc7 {[%emt 0:00:36]} 48. Rd6 {[%emt 0:00:22]} Bc2 {[%emt 0:00:08]} 49. Rc6 {[%emt 0:00:33]} Rxc6 {[%emt 0:00:23]} 50. Nxc6 {[%emt 0:00:01]} Bxa4 {[%emt 0:00:08]} 51. Nd4 {[%emt 0:00:05]} Bd7 {[%emt 0:00:09]} 52. g4 {[%emt 0:00:21]} Kf6 {[%emt 0:00:17]} 53. f4 {[%emt 0:00:11]} Ba4 {[%emt 0:00:36]} 54. Kg3 {[%emt 0:00:15]} Kg6 {[%emt 0:00:35]} 55. f5+ {[%emt 0:00:23]} Kg5 {[%emt 0:00:37]} 56. Ne6+ {[%emt 0:01:04]} Kf6 {[%emt 0:00:08]} 57. Kf4 {[%emt 0:00:07]} Bd7 {[%emt 0:00:36]} 58. Nc5 {[%emt 0:00:09]} Be8 {[%emt 0:00:16]} 59. Ne4+ {[%emt 0:00:15]} Kg7 {[%emt 0:00:29]} 60. Ke5 {[%emt 0:01:27]} Bc6 {[%emt 0:00:55]} 61. h4 {[%emt 0:00:55]} 1-0

[Event "31st Klatovy A 2025"]
[Site "Klatovy CZE"]
[Date "2025.07.01"]
[Round "4.4"]
[White "Janous, Marek"]
[Black "Vltavsky, Vladimir"]
[Result "1/2-1/2"]
[WhiteElo "2220"]
[BlackElo "2122"]
[PlyCount "33"]
[EventDate "2025.06.28"]
[EventType "swiss"]
[EventRounds "9"]
[EventCountry "CZE"]

1. e4 {[%emt 0:00:42]} c6 {[%emt 0:23:13]} 2. c4 {[%emt 0:00:28]} d6 {[%emt 0:00:20]} 3. d4 {[%emt 0:02:14]} e5 {[%emt 0:02:44]} 4. Nc3 {[%emt 0:02:32]} g6 {[%emt 0:00:55]} 5. dxe5 {[%emt 0:11:25]} dxe5 {[%emt 0:00:12]} 6. Qxd8+ {[%emt 0:00:06]} Kxd8 {[%emt 0:00:03]} 7. Nf3 {[%emt 0:00:25]} f6 {[%emt 0:01:33]} 8. Be3 {[%emt 0:01:58]} Kc7 {[%emt 0:02:59]} 9. Nd2 {[%emt 0:01:11]} Bh6 {[%emt 0:01:12]} 10. Bxh6 {[%emt 0:00:51]} Nxh6 {[%emt 0:00:05]} 11. Be2 {[%emt 0:00:40]} Be6 {[%emt 0:02:31]} 12. O-O-O {[%emt 0:02:35]} Nd7 {[%emt 0:01:07]} 13. f3 {[%emt 0:01:24]} Rhd8 {[%emt 0:04:47]} 14. Nf1 {[%emt 0:03:51]} Bg8 {[%emt 0:02:54]} 15. Ne3 {[%emt 0:01:47]} Nc5 {[%emt 0:02:07]} 16. Rxd8 {[%emt 0:04:26]} Rxd8 {[%emt 0:00:12]} 17. Rd1 {[%emt 0:01:40]} 1/2-1/2

[Event "31st Klatovy A 2025"]
[Site "Klatovy CZE"]
[Date "2025.07.01"]
[Round "4.5"]
[White "Slaby, Matej"]
[Black "Jun, Rudolf"]
[Result "1/2-1/2"]
[WhiteElo "2056"]
[BlackElo "2279"]
[PlyCount "102"]
[EventDate "2025.06.28"]
[EventType "swiss"]
[EventRounds "9"]
[EventCountry "CZE"]

1. Nf3 {[%emt 0:00:04]} c5 {[%emt 0:01:22]} 2. c4 {[%emt 0:00:18]} Nc6 {[%emt 0:00:33]} 3. d4 {[%emt 0:00:54]} cxd4 {[%emt 0:00:42]} 4. Nxd4 {[%emt 0:00:09]} Nf6 {[%emt 0:00:15]} 5. Nc3 {[%emt 0:00:43]} d6 {[%emt 0:01:41]} 6. g3 {[%emt 0:00:19]} Bd7 {[%emt 0:05:35]} 7. Bg2 {[%emt 0:02:05]} g6 {[%emt 0:01:28]} 8. O-O {[%emt 0:04:17]} Bg7 {[%emt 0:00:06]} 9. b3 {[%emt 0:00:41]} O-O {[%emt 0:01:10]} 10. Bb2 {[%emt 0:00:34]} Rc8 {[%emt 0:02:56]} 11. Qd2 {[%emt 0:03:38]} a6 {[%emt 0:00:36]} 12. Rfd1 {[%emt 0:00:51]} Nxd4 {[%emt 0:04:39]} 13. Qxd4 {[%emt 0:00:07]} Bc6 {[%emt 0:00:13]} 14. Nd5 {[%emt 0:04:22]} Bxd5 {[%emt 0:01:26]} 15. Bxd5 {[%emt 0:00:18]} Qc7 {[%emt 0:01:15]} 16. Bf3 {[%emt 0:07:25]} b5 {[%emt 0:07:38]} 17. cxb5 {[%emt 0:14:19]} axb5 {[%emt 0:00:07]} 18. Qb4 {[%emt 0:00:59]} Qc2 {[%emt 0:09:19]} 19. Rd2 {[%emt 0:04:29]} Qc5 {[%emt 0:04:18]} 20. Qxc5 {[%emt 0:03:21]} dxc5 {[%emt 0:01:55]} 21. a4 {[%emt 0:01:18]} c4 {[%emt 0:02:01]} 22. bxc4 {[%emt 0:00:37]} bxc4 {[%emt 0:00:02]} 23. Rc2 {[%emt 0:01:49]} Nd7 {[%emt 0:01:12]} 24. Bxg7 {[%emt 0:00:17]} Kxg7 {[%emt 0:00:08]} 25. a5 {[%emt 0:01:09]} Ne5 {[%emt 0:05:17]} 26. Bg2 {[%emt 0:06:17]} Rc5 {[%emt 0:03:12]} 27. a6 {[%emt 0:07:52]} Nc6 {[%emt 0:00:41]} 28. a7 {[%emt 0:02:46]} Ra8 {[%emt 0:00:12]} 29. Bxc6 {[%emt 0:00:59]} Rxc6 {[%emt 0:00:05]} 30. Ra4 {[%emt 0:00:11]} Rc7 {[%emt 0:00:36]} 31. Rcxc4 {[%emt 0:00:11]} Rxc4 {[%emt 0:00:03]} 32. Rxc4 {[%emt 0:00:06]} Rxa7 {[%emt 0:00:08]} 33. Kg2 {[%emt 0:00:02]} f5 {[%emt 0:00:56]} 34. e4 {[%emt 0:02:43]} Ra2 {[%emt 0:03:33]} 35. Kf3 {[%emt 0:03:48]} Ra3+ {[%emt 0:03:22]} 36. Kg2 {[%emt 0:01:38]} Ra2 {[%emt 0:00:06]} 37. Kf3 {[%emt 0:00:13]} h5 {[%emt 0:02:18]} 38. h4 {[%emt 0:00:22]} Kf6 {[%emt 0:00:43]} 39. exf5 {[%emt 0:02:12]} gxf5 {[%emt 0:00:02]} 40. Rc6+ {[%emt 0:00:28]} e6 {[%emt 0:00:02]} 41. Rb6 {[%emt 0:02:02]} Ra4 {[%emt 0:01:16]} 42. Rb8 {[%emt 0:00:48]} e5 {[%emt 0:01:07]} 43. Rh8 {[%emt 0:01:03]} Ra3+ {[%emt 0:01:00]} 44. Kg2 {[%emt 0:04:19]} Kg6 {[%emt 0:00:41]} 45. Rg8+ {[%emt 0:00:16]} Kf6 {[%emt 0:00:33]} 46. Rg5 {[%emt 0:00:19]} e4 {[%emt 0:00:28]} 47. Rxh5 {[%emt 0:00:31]} Ra2 {[%emt 0:00:21]} 48. Kf1 {[%emt 0:03:03]} Ra1+ {[%emt 0:00:11]} 49. Kg2 {[%emt 0:00:46]} Ra2 {[%emt 0:00:06]} 50. Kf1 {[%emt 0:01:19]} Ra1+ {[%emt 0:00:07]} 51. Kg2 {[%emt 0:00:20]} Ra2 {[%emt 0:00:06]} 1/2-1/2

[Event "31st Klatovy A 2025"]
[Site "Klatovy CZE"]
[Date "2025.07.01"]
[Round "4.6"]
[White "Hosnedl, Jiri"]
[Black "Marsalek, Zdenek"]
[Result "1-0"]
[WhiteElo "1985"]
[BlackElo "2187"]
[PlyCount "77"]
[EventDate "2025.06.28"]
[EventType "swiss"]
[EventRounds "9"]
[EventCountry "CZE"]

1. d4 {[%emt 0:00:03]} d5 {[%emt 0:00:09]} 2. c4 {[%emt 0:00:07]} e5 {[%emt 0:00:06]} 3. dxe5 {[%emt 0:01:14]} d4 {[%emt 0:00:10]} 4. Nf3 {[%emt 0:01:16]} Nc6 {[%emt 0:00:07]} 5. g3 {[%emt 0:05:06]} Nge7 {[%emt 0:00:08]} 6. Bg2 {[%emt 0:01:33]} Ng6 {[%emt 0:00:09]} 7. Bf4 {[%emt 0:06:17]} Nxf4 {[%emt 0:01:51]} 8. gxf4 {[%emt 0:00:09]} f6 {[%emt 0:00:06]} 9. O-O {[%emt 0:03:47]} Be6 {[%emt 0:02:13]} 10. Qa4 {[%emt 0:06:14]} Qd7 {[%emt 0:00:53]} 11. Rd1 {[%emt 0:04:55]} O-O-O {[%emt 0:00:48]} 12. Nc3 {[%emt 0:07:54]} Bh3 {[%emt 0:01:09]} 13. Bxh3 {[%emt 0:05:34]} Qxh3 {[%emt 0:00:10]} 14. Nd5 {[%emt 0:02:19]} g5 {[%emt 0:04:10]} 15. Kh1 {[%emt 0:12:49]} gxf4 {[%emt 0:02:35]} 16. exf6 {[%emt 0:05:08]} Bd6 {[%emt 0:02:51]} 17. c5 {[%emt 0:14:08]} d3 {[%emt 0:28:21]} 18. Qe4 {[%emt 0:13:49]} dxe2 {[%emt 0:02:26]} 19. Qxe2 {[%emt 0:02:04]} Rde8 {[%emt 0:13:10]} 20. Qd3 {[%emt 0:10:46]} Rhg8 {[%emt 0:05:36]} 21. Rg1 {[%emt 0:09:07]} Nd4 {[%emt 0:14:16]} 22. Ne5 {[%emt 0:09:12]} Qe6 {[%emt 0:05:11]} 23. Qxd4 {[%emt 0:02:57]} Rxg1+ {[%emt 0:00:47]} 24. Rxg1 {[%emt 0:00:35]} Bxe5 {[%emt 0:00:10]} 25. Qe4 {[%emt 0:00:53]} Bxf6 {[%emt 0:01:31]} 26. Qxe6+ {[%emt 0:01:47]} Rxe6 {[%emt 0:00:08]} 27. Nxf6 {[%emt 0:00:26]} Rxf6 {[%emt 0:00:02]} 28. Rg8+ {[%emt 0:00:33]} Kd7 {[%emt 0:00:06]} 29. Rg7+ {[%emt 0:00:19]} Kc6 {[%emt 0:00:22]} 30. Kg2 {[%emt 0:00:51]} Rg6+ {[%emt 0:05:36]} 31. Rxg6+ {[%emt 0:00:22]} hxg6 32. Kf3 {[%emt 0:01:22]} Kxc5 {[%emt 0:00:17]} 33. Kxf4 {[%emt 0:00:19]} Kd4 {[%emt 0:00:33]} 34. h4 {[%emt 0:00:51]} c5 {[%emt 0:00:20]} 35. Kg5 {[%emt 0:00:32]} b5 {[%emt 0:00:22]} 36. Kxg6 {[%emt 0:00:15]} c4 {[%emt 0:00:46]} 37. h5 {[%emt 0:00:13]} b4 {[%emt 0:00:17]} 38. h6 {[%emt 0:00:18]} c3 {[%emt 0:00:06]} 39. bxc3+ {[%emt 0:00:44]} 1-0

[Event "31st Klatovy A 2025"]
[Site "Klatovy CZE"]
[Date "2025.07.01"]
[Round "4.7"]
[White "Mametev, Artem"]
[Black "Pirklova, Hana"]
[Result "0-1"]
[WhiteElo "2179"]
[BlackElo "2048"]
[PlyCount "86"]
[EventDate "2025.06.28"]
[EventType "swiss"]
[EventRounds "9"]
[EventCountry "CZE"]

1. e4 {[%emt 0:25:18]} e5 {[%emt 0:00:09]} 2. Nf3 {[%emt 0:01:35]} Nc6 {[%emt 0:00:06]} 3. Bb5 {[%emt 0:00:04]} a6 {[%emt 0:00:13]} 4. Ba4 {[%emt 0:00:05]} Nf6 {[%emt 0:00:34]} 5. O-O {[%emt 0:00:06]} Be7 {[%emt 0:03:17]} 6. Re1 {[%emt 0:02:08]} b5 {[%emt 0:00:20]} 7. Bb3 {[%emt 0:00:01]} d6 {[%emt 0:01:07]} 8. c3 {[%emt 0:00:09]} O-O {[%emt 0:00:17]} 9. h3 {[%emt 0:00:04]} Na5 {[%emt 0:00:16]} 10. Bc2 {[%emt 0:00:02]} c5 {[%emt 0:00:17]} 11. d4 {[%emt 0:01:14]} Qc7 {[%emt 0:01:17]} 12. Nbd2 {[%emt 0:00:24]} cxd4 {[%emt 0:04:53]} 13. cxd4 {[%emt 0:00:30]} Nc6 {[%emt 0:00:39]} 14. a3 {[%emt 0:00:05]} exd4 {[%emt 0:11:05]} 15. Nb3 {[%emt 0:08:17]} d3 {[%emt 0:01:00]} 16. Bxd3 {[%emt 0:07:02]} Ne5 {[%emt 0:00:06]} 17. Bf4 {[%emt 0:00:10]} Nxd3 {[%emt 0:21:13]} 18. Qxd3 {[%emt 0:00:23]} Bb7 {[%emt 0:00:22]} 19. Nfd4 {[%emt 0:16:30]} Qc4 {[%emt 0:27:06]} 20. Qd1 {[%emt 0:31:22]} Rfe8 {[%emt 0:21:02]} 21. f3 {[%emt 0:11:59]} Rad8 {[%emt 0:07:48]} 22. Rc1 {[%emt 0:05:24]} Qa4 {[%emt 0:00:04]} 23. Rc7 {[%emt 0:02:37]} Ba8 {[%emt 0:00:09]} 24. Nf5 {[%emt 0:01:47]} Bf8 {[%emt 0:01:45]} 25. Bg5 {[%emt 0:01:25]} Rd7 {[%emt 0:08:40]} 26. Rc3 {[%emt 0:07:11]} b4 {[%emt 0:07:28]} 27. Qd4 {[%emt 0:01:33]} Qb5 {[%emt 0:01:33]} 28. axb4 {[%emt 0:01:40]} d5 {[%emt 0:01:43]} 29. Bxf6 {[%emt 0:01:03]} dxe4 {[%emt 0:00:08]} 30. Rc5 {[%emt 0:02:32]} Bxc5 {[%emt 0:00:48]} 31. Qxc5 {[%emt 0:00:01]} gxf6 {[%emt 0:00:40]} 32. Nd6 {[%emt 0:01:20]} Rxd6 {[%emt 0:00:47]} 33. Qxd6 {[%emt 0:00:30]} exf3 {[%emt 0:00:04]} 34. Rxe8+ {[%emt 0:01:07]} Qxe8 {[%emt 0:00:06]} 35. Qxf6 {[%emt 0:00:23]} Qe3+ {[%emt 0:02:26]} 36. Kh2 {[%emt 0:00:21]} fxg2 {[%emt 0:00:19]} 37. Qd8+ {[%emt 0:00:58]} Kg7 {[%emt 0:00:04]} 38. Qd4+ {[%emt 0:00:05]} Qxd4 {[%emt 0:00:04]} 39. Nxd4 {[%emt 0:00:03]} Kf6 {[%emt 0:00:40]} 40. b5 {[%emt 0:00:07]} Ke5 {[%emt 0:01:10]} 41. Nc6+ {[%emt 0:00:19]} Bxc6 {[%emt 0:00:08]} 42. bxc6 {[%emt 0:00:02]} Kd6 {[%emt 0:00:06]} 43. Kxg2 {[%emt 0:00:06]} Kxc6 {[%emt 0:00:05]} 0-1

[Event "31st Klatovy A 2025"]
[Site "Klatovy CZE"]
[Date "2025.07.01"]
[Round "4.8"]
[White "Pecka, Jan"]
[Black "Pycha, Patrik"]
[Result "1-0"]
[WhiteElo "2140"]
[BlackElo "2076"]
[PlyCount "79"]
[EventDate "2025.06.28"]
[EventType "swiss"]
[EventRounds "9"]
[EventCountry "CZE"]

1. d4 {[%emt 0:00:20]} e6 {[%emt 0:00:07]} 2. e4 {[%emt 0:00:09]} d5 {[%emt 0:00:05]} 3. Nd2 {[%emt 0:00:15]} Nf6 {[%emt 0:01:22]} 4. Bd3 {[%emt 0:01:30]} c5 {[%emt 0:00:42]} 5. dxc5 {[%emt 0:00:37]} dxe4 {[%emt 0:03:39]} 6. Nxe4 {[%emt 0:00:29]} Nxe4 {[%emt 0:00:13]} 7. Bxe4 {[%emt 0:00:04]} Qxd1+ {[%emt 0:00:12]} 8. Kxd1 {[%emt 0:00:05]} Bxc5 {[%emt 0:00:10]} 9. Be3 {[%emt 0:11:03]} Bxe3 {[%emt 0:01:00]} 10. fxe3 {[%emt 0:00:24]} Nc6 {[%emt 0:00:29]} 11. Nf3 {[%emt 0:00:29]} Bd7 {[%emt 0:01:56]} 12. Ke2 {[%emt 0:05:23]} Ke7 {[%emt 0:05:01]} 13. Rhc1 {[%emt 0:09:48]} f5 {[%emt 0:03:03]} 14. Bd3 {[%emt 0:01:30]} e5 {[%emt 0:00:52]} 15. e4 {[%emt 0:00:48]} f4 {[%emt 0:00:49]} 16. Rd1 {[%emt 0:05:39]} g5 {[%emt 0:04:39]} 17. c3 {[%emt 0:03:03]} g4 {[%emt 0:01:51]} 18. Nd2 {[%emt 0:00:50]} h5 {[%emt 0:02:29]} 19. Nb3 {[%emt 0:04:59]} Raf8 {[%emt 0:09:00]} 20. Nc5 {[%emt 0:02:33]} Bc8 {[%emt 0:03:00]} 21. Bb5 {[%emt 0:00:56]} g3 {[%emt 0:01:34]} 22. h3 {[%emt 0:07:06]} f3+ {[%emt 0:04:59]} 23. gxf3 {[%emt 0:01:14]} Bxh3 {[%emt 0:00:28]} 24. Rd5 {[%emt 0:01:01]} Bg2 {[%emt 0:10:28]} 25. Nxb7 {[%emt 0:05:41]} Bxf3+ {[%emt 0:02:31]} 26. Ke3 {[%emt 0:00:24]} Bg4 {[%emt 0:12:44]} 27. Bxc6 {[%emt 0:06:51]} Rf3+ {[%emt 0:00:14]} 28. Kd2 {[%emt 0:00:41]} Rf2+ {[%emt 0:02:19]} 29. Ke3 {[%emt 0:01:56]} Rf3+ {[%emt 0:14:13]} 30. Kd2 {[%emt 0:00:13]} g2 {[%emt 0:08:06]} 31. Rg1 {[%emt 0:03:23]} Bh3 {[%emt 0:02:35]} 32. Rxe5+ {[%emt 0:08:08]} Kf6 {[%emt 0:00:25]} 33. Rf5+ {[%emt 0:07:33]} Rxf5 {[%emt 0:02:51]} 34. exf5 {[%emt 0:00:17]} h4 {[%emt 0:04:35]} 35. b4 {[%emt 0:14:10]} Rg8 {[%emt 0:04:41]} 36. Nc5 {[%emt 0:01:43]} Rd8+ {[%emt 0:06:31]} 37. Ke3 {[%emt 0:02:00]} Bxf5 {[%emt 0:00:01]} 38. Rxg2 {[%emt 0:00:55]} h3 {[%emt 0:00:05]} 39. Rh2 {[%emt 0:02:21]} Rd1 {[%emt 0:00:07]} 40. Rh1 {[%emt 0:00:45]} 1-0

[Event "31st Klatovy A 2025"]
[Site "Klatovy CZE"]
[Date "2025.07.01"]
[Round "4.9"]
[White "Kocman, Patrik"]
[Black "Tvrdik, Daniel"]
[Result "0-1"]
[WhiteElo "1836"]
[BlackElo "2140"]
[PlyCount "84"]
[EventDate "2025.06.28"]
[EventType "swiss"]
[EventRounds "9"]
[EventCountry "CZE"]

1. e4 {[%emt 0:00:10]} Nf6 {[%emt 0:00:10]} 2. e5 {[%emt 0:00:18]} Nd5 {[%emt 0:00:05]} 3. d4 {[%emt 0:00:07]} d6 {[%emt 0:00:05]} 4. c4 {[%emt 0:00:07]} Nb6 {[%emt 0:00:05]} 5. exd6 {[%emt 0:00:32]} exd6 {[%emt 0:00:07]} 6. Bd3 {[%emt 0:01:44]} Nc6 {[%emt 0:00:35]} 7. Be3 {[%emt 0:00:45]} Be7 {[%emt 0:00:17]} 8. Ne2 {[%emt 0:02:10]} Nb4 {[%emt 0:04:19]} 9. Nbc3 {[%emt 0:01:57]} Nxd3+ {[%emt 0:00:40]} 10. Qxd3 {[%emt 0:00:08]} d5 {[%emt 0:00:52]} 11. c5 {[%emt 0:05:18]} Nc4 {[%emt 0:00:54]} 12. Bc1 {[%emt 0:00:50]} c6 {[%emt 0:11:21]} 13. O-O {[%emt 0:01:39]} O-O {[%emt 0:03:36]} 14. Re1 {[%emt 0:06:04]} b6 {[%emt 0:03:35]} 15. b3 {[%emt 0:03:24]} Na5 {[%emt 0:00:25]} 16. cxb6 {[%emt 0:00:41]} axb6 {[%emt 0:03:17]} 17. Bf4 {[%emt 0:03:10]} Bb4 {[%emt 0:23:10]} 18. Bd2 {[%emt 0:12:51]} Bd6 {[%emt 0:25:00]} 19. Bf4 {[%emt 0:20:10]} Nb7 {[%emt 0:02:41]} 20. Bxd6 {[%emt 0:02:51]} Nxd6 {[%emt 0:00:16]} 21. Ng3 {[%emt 0:01:23]} f5 {[%emt 0:01:09]} 22. f3 {[%emt 0:06:22]} f4 {[%emt 0:02:48]} 23. Nf1 {[%emt 0:01:33]} Qg5 {[%emt 0:06:42]} 24. Re5 {[%emt 0:03:14]} Rf5 {[%emt 0:06:07]} 25. Rae1 {[%emt 0:01:17]} Ba6 {[%emt 0:00:53]} 26. Qd2 {[%emt 0:01:02]} Raf8 {[%emt 0:02:15]} 27. Na4 {[%emt 0:08:58]} Qd8 {[%emt 0:02:36]} 28. Qc2 {[%emt 0:05:49]} Bb7 {[%emt 0:04:05]} 29. Nb2 {[%emt 0:03:02]} Rxe5 {[%emt 0:00:40]} 30. Rxe5 {[%emt 0:01:31]} Nb5 {[%emt 0:00:09]} 31. Qd2 {[%emt 0:02:37]} Qf6 {[%emt 0:00:13]} 32. a4 {[%emt 0:02:09]} Nd6 {[%emt 0:01:51]} 33. Nd3 {[%emt 0:02:10]} c5 {[%emt 0:00:59]} 34. dxc5 {[%emt 0:05:12]} bxc5 {[%emt 0:00:14]} 35. Qe1 {[%emt 0:01:30]} c4 {[%emt 0:01:56]} 36. bxc4 {[%emt 0:01:05]} Nxc4 {[%emt 0:01:06]} 37. Re7 {[%emt 0:08:16]} Qd4+ {[%emt 0:03:29]} 38. Nf2 {[%emt 0:01:48]} Bc8 {[%emt 0:00:47]} 39. a5 {[%emt 0:02:59]} Qc5 {[%emt 0:02:10]} 40. a6 {[%emt 0:03:23]} Ne3 {[%emt 0:00:16]} 41. a7 {[%emt 0:02:30]} Ba6 {[%emt 0:00:30]} 42. Rd7 {[%emt 0:02:15]} Qb5 {[%emt 0:07:17]} 0-1

[Event "31st Klatovy A 2025"]
[Site "Klatovy CZE"]
[Date "2025.07.01"]
[Round "4.10"]
[White "Hacha, Ales"]
[Black "Bartak, Josef"]
[Result "1/2-1/2"]
[WhiteElo "2139"]
[BlackElo "1953"]
[PlyCount "92"]
[EventDate "2025.06.28"]
[EventType "swiss"]
[EventRounds "9"]
[EventCountry "CZE"]

1. Nf3 {[%emt 0:09:02]} Nf6 {[%emt 0:04:10]} 2. g3 {[%emt 0:01:31]} g6 {[%emt 0:00:21]} 3. Bg2 {[%emt 0:00:07]} Bg7 {[%emt 0:00:03]} 4. O-O {[%emt 0:00:08]} O-O {[%emt 0:00:04]} 5. c4 {[%emt 0:00:06]} d6 {[%emt 0:01:08]} 6. d4 {[%emt 0:01:04]} Nbd7 {[%emt 0:05:04]} 7. Nc3 {[%emt 0:00:31]} e5 {[%emt 0:00:15]} 8. e4 {[%emt 0:00:07]} c6 {[%emt 0:01:03]} 9. dxe5 {[%emt 0:01:57]} dxe5 {[%emt 0:01:15]} 10. Be3 {[%emt 0:02:38]} Qc7 {[%emt 0:04:58]} 11. Qe2 {[%emt 0:04:43]} b6 {[%emt 0:01:05]} 12. Rfd1 {[%emt 0:01:18]} Bb7 {[%emt 0:02:37]} 13. Bh3 {[%emt 0:03:42]} Rad8 {[%emt 0:13:51]} 14. Rd2 {[%emt 0:01:47]} Ne8 {[%emt 0:20:34]} 15. Rad1 {[%emt 0:09:10]} Bc8 {[%emt 0:00:31]} 16. Rd3 {[%emt 0:11:45]} Nef6 {[%emt 0:19:51]} 17. Qd2 {[%emt 0:04:03]} Rde8 {[%emt 0:00:18]} 18. Bxd7 {[%emt 0:00:24]} Bxd7 {[%emt 0:00:41]} 19. Rxd7 {[%emt 0:00:18]} Nxd7 {[%emt 0:00:04]} 20. Qxd7 {[%emt 0:00:06]} Re7 {[%emt 0:00:23]} 21. Qd2 {[%emt 0:01:11]} f5 {[%emt 0:00:29]} 22. Bg5 {[%emt 0:00:44]} Ref7 {[%emt 0:00:14]} 23. Bd8 {[%emt 0:00:29]} Qc8 {[%emt 0:00:35]} 24. Ng5 {[%emt 0:01:08]} Rb7 {[%emt 0:00:48]} 25. Qd6 {[%emt 0:00:48]} Re8 {[%emt 0:00:57]} 26. h4 {[%emt 0:06:59]} Bf8 {[%emt 0:06:18]} 27. Qd2 {[%emt 0:08:41]} h6 {[%emt 0:20:48]} 28. Nf3 {[%emt 0:06:23]} f4 {[%emt 0:06:23]} 29. Kg2 {[%emt 0:03:21]} Bg7 {[%emt 0:02:52]} 30. Qd6 {[%emt 0:15:57]} Re6 {[%emt 0:00:06]} 31. Qd2 {[%emt 0:00:19]} Re8 {[%emt 0:03:24]} 32. Qd6 {[%emt 0:10:43]} Re6 {[%emt 0:01:48]} 33. Qd3 {[%emt 0:07:06]} Re8 {[%emt 0:00:35]} 34. c5 {[%emt 0:00:21]} Rb8 {[%emt 0:00:28]} 35. Qc4+ {[%emt 0:02:53]} Kh8 {[%emt 0:08:28]} 36. Bg5 {[%emt 0:05:31]} hxg5 {[%emt 0:04:18]} 37. Nxg5 {[%emt 0:00:08]} Re7 {[%emt 0:00:37]} 38. Rd6 {[%emt 0:01:23]} b5 {[%emt 0:00:33]} 39. Qd3 {[%emt 0:00:34]} Qe8 {[%emt 0:00:10]} 40. Ne2 {[%emt 0:01:55]} fxg3 {[%emt 0:00:33]} 41. Nxg3 {[%emt 0:02:24]} Bh6 {[%emt 0:00:21]} 42. Nh3 {[%emt 0:01:57]} Re6 {[%emt 0:01:23]} 43. Rd7 {[%emt 0:00:49]} Re7 {[%emt 0:00:07]} 44. Rd6 {[%emt 0:00:15]} Re6 {[%emt 0:00:03]} 45. Rd7 {[%emt 0:04:04]} Re7 {[%emt 0:00:50]} 46. Rd6 {[%emt 0:00:05]} Re6 {[%emt 0:00:29]} 1/2-1/2

[Event "31st Klatovy A 2025"]
[Site "Klatovy CZE"]
[Date "2025.07.01"]
[Round "4.11"]
[White "Sadil, Antonin"]
[Black "Kroulik, Vaclav"]
[Result "0-1"]
[WhiteElo "1907"]
[BlackElo "2088"]
[PlyCount "70"]
[EventDate "2025.06.28"]
[EventType "swiss"]
[EventRounds "9"]
[EventCountry "CZE"]

1. e4 {[%emt 0:01:12]} c5 {[%emt 0:00:06]} 2. Nc3 {[%emt 0:00:15]} d6 {[%emt 0:01:51]} 3. g3 {[%emt 0:00:15]} Nc6 {[%emt 0:00:36]} 4. Bg2 {[%emt 0:00:17]} g6 {[%emt 0:00:14]} 5. d3 {[%emt 0:00:22]} Bg7 {[%emt 0:00:08]} 6. Be3 {[%emt 0:00:26]} Bd7 {[%emt 0:01:21]} 7. Qd2 {[%emt 0:00:31]} Nd4 {[%emt 0:01:45]} 8. Nd1 {[%emt 0:00:35]} e5 {[%emt 0:03:58]} 9. c3 {[%emt 0:00:47]} Ne6 {[%emt 0:01:35]} 10. Ne2 {[%emt 0:01:23]} Ne7 {[%emt 0:02:32]} 11. Bh6 {[%emt 0:01:06]} O-O {[%emt 0:01:53]} 12. h4 {[%emt 0:00:23]} f5 {[%emt 0:20:38]} 13. Bxg7 {[%emt 0:08:48]} Kxg7 {[%emt 0:00:27]} 14. f4 {[%emt 0:02:52]} exf4 {[%emt 0:09:45]} 15. gxf4 {[%emt 0:01:25]} Bc6 {[%emt 0:01:32]} 16. h5 {[%emt 0:04:16]} c4 {[%emt 0:11:40]} 17. Nd4 {[%emt 0:03:52]} Nxd4 {[%emt 0:10:38]} 18. cxd4 {[%emt 0:00:21]} cxd3 {[%emt 0:01:13]} 19. d5 {[%emt 0:01:42]} Bb5 {[%emt 0:04:26]} 20. Qc3+ {[%emt 0:02:56]} Kg8 {[%emt 0:00:11]} 21. h6 {[%emt 0:03:58]} Rf7 {[%emt 0:00:28]} 22. Ne3 {[%emt 0:03:14]} Rc8 {[%emt 0:02:32]} 23. Qd4 {[%emt 0:01:27]} Qa5+ {[%emt 0:04:19]} 24. b4 {[%emt 0:00:23]} Qa3 {[%emt 0:04:08]} 25. exf5 {[%emt 0:11:59]} Qc3+ {[%emt 0:18:23]} 26. Qxc3 {[%emt 0:00:14]} Rxc3 {[%emt 0:00:03]} 27. Kd2 {[%emt 0:01:13]} Nxf5 {[%emt 0:07:37]} 28. a4 {[%emt 0:05:36]} Nxe3 {[%emt 0:01:08]} 29. axb5 {[%emt 0:01:28]} Rc2+ {[%emt 0:01:37]} 30. Kxe3 {[%emt 0:02:17]} Rxg2 {[%emt 0:00:09]} 31. Kxd3 {[%emt 0:00:48]} Rg3+ {[%emt 0:02:02]} 32. Ke2 {[%emt 0:04:45]} Rxf4 {[%emt 0:01:24]} 33. Rxa7 {[%emt 0:00:29]} Rxb4 {[%emt 0:00:35]} 34. Rxb7 {[%emt 0:01:11]} Rb2+ {[%emt 0:00:05]} 35. Kf1 {[%emt 0:01:02]} Rc3 {[%emt 0:03:04]} 0-1